|
|
|
|
| LEADER |
00000nam a2200000Ii 4500 |
| 001 |
DIGEDUNAV0064 |
| 003 |
NyNyDIG0 |
| 006 |
m o d |
| 007 |
cr ||||||||||| |
| 008 |
220225s2015 sp ob 000 0 spa d |
| 035 |
|
|
|a (OCoLC)1054061706
|
| 040 |
|
|
|a DGITA
|b eng
|e rda
|e pn
|c DGITA
|
| 020 |
|
|
|z 9788431331009
|
| 050 |
1 |
4 |
|a LB2325 ebook
|
| 082 |
0 |
4 |
|a 378
|
| 245 |
0 |
0 |
|a Reputación de universidades /
|c John Haldane [and 4 others] ; Juan Manuel Mora (coordinador) ; Jan Sadlak (prólogo) ; Víctor Pérez-Díaz, Juan Carlos Rodríguez (anexo)
|
| 264 |
|
1 |
|a Pamplona :
|b EUNSA, Ediciones Universidad de Navarra,
|c [2015]
|
| 300 |
|
|
|a 1 online resource.
|
| 336 |
|
|
|a text
|2 rdacontent
|
| 337 |
|
|
|a computer
|b c
|2 rdamedia
|
| 338 |
|
|
|a online resource
|b cr
|2 rdacarrier
|
| 347 |
|
|
|a text file
|2 rdaft
|
| 347 |
|
|
|b PDF
|
| 500 |
|
|
|a Collects the papers of the conference "Building Universities' Reputation", held at the University of Navarra, on April 22, 23 and 24, 2015.
|
| 504 |
|
|
|a Includes bibliographical references.
|
| 588 |
0 |
|
|a Online resource; title from PDF title page (Digitalia, viewed February 25, 2022)
|
| 650 |
|
0 |
|a Education, Higher.
|
| 650 |
|
0 |
|a Universities and colleges.
|
| 650 |
|
0 |
|a Education
|x Aims and objectives.
|
| 655 |
|
0 |
|a Electronic books.
|
| 700 |
1 |
|
|a Haldane, John,
|e author.
|
| 700 |
1 |
|
|a Mora, Juan Manuel,
|e editor.
|
| 700 |
1 |
|
|a Sadlak, Jan,
|e contributor agent of text.
|
| 700 |
1 |
|
|a Pérez-Díaz, Víctor,
|e contributor agent of text.
|
| 700 |
1 |
|
|a Rodríguez, Juan Carlos,
|d 1964-
|e contributor agent of text.
|
| 776 |
0 |
8 |
|i Print version:
|t Reputación de universidades.
|d Pamplona : EUNSA, Ediciones Universidad de Navarra, [2015]
|z 9788431331009
|
| 791 |
2 |
|
|a Digitalia (Firm),
|e distributor.
|
| 793 |
0 |
|
|g Digitalia eBook Collection:
|a Ediciones Universidad de Navarra
|
| 856 |
4 |
0 |
|3 Digitalia Hispánica
|u https://www.digitaliapublishing.com/a/51372/
|
| 910 |
|
|
|a Premium Collection: 2022
|